| 000 | 02237nam a2200241Ia 4500 | ||
|---|---|---|---|
| 003 | OSt | ||
| 005 | 20210916094202.0 | ||
| 008 | 130821s1989 mx gr spa | ||
| 020 | _a9682432618 | ||
| 040 |
_aCo-BoUCM _bspa _cCO-JMCR |
||
| 041 | 0 | _aspa | |
| 082 | 0 | 4 |
_a338.9 / _bH241r _223 |
| 100 | 1 |
_aHanke, Steve H. _eautor _940524 |
|
| 245 | 1 | 0 |
_aPrivatización y desarrollo / _cSteve H. Hanke |
| 260 |
_aMéxico : _bTrillas: Centro Internacional de Desarrollo Económico, _c1989 (reimpr1991) |
||
| 300 |
_a239 páginas ; _c24 cm. |
||
| 504 | _aIncluye índices y lecturas recomendadas | ||
| 505 | 0 | _aLa privatización en el mundo en desarrollo. -- Los fundamentos de la privatización. -- Planificación para la privatización. -- Privatización para impulsar el desarrollo. -- Ejemplos de privatización. | |
| 520 | 0 | _aEn los últimos años, el fenómeno de la privatización se ha convertido en "área de crecimiento" para muchos países en vías de desarrollo, que ven en la subcontratación o venta de funciones u organismos estatales a grupos privados, una opción para atenuar, por una parte, sus crisis presupuestales y, por otra, una estrategia de desarrollo basada en la idea de que la disciplina competitiva en los mercados privados aumenta la eficiencia y la producción a bajos costos, sin descuidar la calidad. Aunque este movimiento se contrapone a la opinión de algunos sectores económicos de naciones desarrolladas -Gran Bretaña, entre éstas- que juzgan a la privatización como un retroceso hacia la concentración de poder y riqueza en pocas manos, sus resultados demuestran, con el paso del tiempo, que estimula el denominado "capitalismo popular", y que por alguna razón ha despertado el interés de los países socialistas y del bloque oriental. Steve H. Hanke considera aquí una amplia gama de temas relacionados con la privatización y explora sus aplicaciones prácticas en países específicos. La obra se propone ser un manual de "cómo hacerlo" en cuanto a la técnica de la privatización, y está dirigida a economistas, administradores de empresas, funcionarios públicos y políticos. | |
| 650 | 1 | 4 |
_aDesarrollo económico _912956 |
| 650 | 2 | 4 |
_aPolítica industrial _921989 |
| 942 |
_cBK _2ddc |
||
| 999 |
_c12481 _d12481 |
||